000
00335nam a2200145Ia 4500
008
150201s2004 xx 000 0 und d
082
_a
618
_b
O2004D
100
_a
DAWN,C.S.
245
_a
TEXT BOOK OF OBSTETRICS
250
_a
14TH
260
_b
DAWN BOOKS
_a
DELHI
_c
2004
300
_a
1-436
650
_a
GYNAECOLOGY
942
_2
ddc
_c
BK
999
_c
3898
_d
3898